Tilastot visalle Sanat - "Kirje" - Janne Hurme

Klikkaa tästä pelataksesi tätä visaa!

Yleistilastot

  • Tätä visaa on pelattu 106 kertaa
  • Keskiarvotulos 123 / 155

Vastaustilastot

Vastaus% Oikein
kirjees
93%
sen
93%
myrsky
90%
Myrsky
90%
puita
90%
salamoi
90%
taivas
90%
heitin
88%
näin
88%
repii
88%
voi
88%
ei
85%
on
85%
samanlainen
85%
tuleen
85%
tulla
85%
vain
85%
Vain
85%
mun
83%
päällä
83%
revin
83%
muita
80%
niin
80%
siks
80%
soi
80%
elämääni
78%
kotiin
78%
sydämessä
78%
Tulin
78%
mentävä
76%
kuin
73%
marraskuu
73%
tää
73%
kylmä
71%
lohduton
71%
löydän
71%
luulin
71%
nyt
71%
peilipöydän
71%
sinut
71%
sori
71%
sun
71%
Sun
71%
täällä
68%
tuoksusi
68%
valo
68%
tunnu
66%
ilman
63%
lause
63%
sua
63%
sydämein
63%
koskaan
61%
pääse
61%
piirongin
61%
auringon
59%
valokuvas
59%
jo
54%
kohta
54%
muistoja
51%
sinne
51%
vailla
51%
haihtui
49%
kuvas
49%
lailla
44%

Tulosjakauma

Persentiili vastausten määrän mukaan

Jokaisen tuloksen saaneiden osuus

Tuloshistoriasi

Et ole pelannut tätä visaa